Předškolní výchova v zemích Evropské unie

Stav predškolskej výchovy v Nemecku, Holandsku, Taliansku, Grécku, Španielsku. Príprava učiteľov pre predškolský stupeň. Rôzne formy práce s deťmi predškolského veku. V Európskej únii dochádza do predškolských zariadení 60 percent detí vo veku od 4 rokov.

Bibliographic Details
Main Author: Fottová, Marie, 1913- (Author)
Format: Article
Language:Czech
Subjects:

MARC

LEADER 00000cab a2200000 a 4500
001 vtls001503626
003 SK-MaSNL
005 20260304205142.0
008 140912c19971998xo sr 0 000cze
035 |a SPKCL5953 
040 |a SPKCL  |b slo  |c SNKBUCL  |d ÚIP-SPK(ZZ)  |e AACR2 
041 0 |a cze 
044 |a xo  |c SK 
080 |a 372.3(4)  |2 1981 
100 1 |a Fottová, Marie,  |d 1913-  |4 aut  |9 6615 
245 1 0 |a Předškolní výchova v zemích Evropské unie  |c Marie Fottová 
520 |a Stav predškolskej výchovy v Nemecku, Holandsku, Taliansku, Grécku, Španielsku. Príprava učiteľov pre predškolský stupeň. Rôzne formy práce s deťmi predškolského veku. V Európskej únii dochádza do predškolských zariadení 60 percent detí vo veku od 4 rokov. 
610 2 7 |a Európska únia  |2 SNKKA  |9 29861 
650 0 7 |a predškolská výchova  |2 SNKPH  |9 3959 
655 7 |a články  |2 SNKPH  |9 70601 
773 1 |t Predškolská výchova  |g Roč. 52, č. 2 (1997/1998) s. 32-35 
850 |a Slovenská pedagogická knižnica Bratislava 
852 |a SPKCL  |b KIS3GCP  |b 000710000  |n SK 
999 |c 3119521  |d 3121451